[Event "Nord West Cup 3rd"]
[Site "Oldenburg"]
[Date "2001.02.02"]
[Round "2"]
[White "Teryan, Arshak"]
[Black "Helms, Henning"]
[Result "0-1"]
[WhiteElo "1700"]
[BlackElo "1008"]
[PlyCount "68"]
[EventDate "2001.02.01"]
[EventType "swiss"]
[EventRounds "7"]
[EventCountry "GER"]
[SourceTitle "EXT 2010"]
[Source "ChessBase"]
[SourceDate "2010.11.25"]
[SourceVersion "1"]
[SourceVersionDate "2010.11.25"]
[SourceQuality "1"]

1. e4 d6 2. d4 g6 3. Nc3 Bg7 4. Nf3 Nf6 5. Bc4 0-0 6. h3 Nbd7 7. Bf4 c5 8. 0-0 a6 9. e5 dxe5 10. dxe5 Ne8 11. e6 fxe6 12. Bxe6+ Kh8 13. Ng5 Rxf4 14. Nd5 Rf8 15. Qg4 Nd6 16. Qh4 h5 17. g4 Nf6 18. Nf4 Qe8 19. gxh5 gxh5 20. Rfe1 Bxe6 21. Ngxe6 Qf7 22. Nxf8 Rxf8 23. Re5 Kg8 24. Kh2 Nfe4 25. Rg1 Qxf4+ 26. Qxf4 Rxf4 27. Rxe7 Rxf2+ 28. Kh1 Rf7 29. Re6 Kh7 30. b3 Rf2 31. c4 Re2 32. b4 Nf2+ 33. Kg2 Rxe6 34. Kxf2 Bd4+ 0-1